<?xml version="1.0" encoding="UTF-8"?>
<record
    xmlns:xsi="http://www.w3.org/2001/XMLSchema-instance"
    xsi:schemaLocation="http://www.loc.gov/MARC21/slim http://www.loc.gov/standards/marcxml/schema/MARC21slim.xsd"
    xmlns="http://www.loc.gov/MARC21/slim">

  <leader>02362nam a22002297a 4500</leader>
  <controlfield tag="005">20250513100844.0</controlfield>
  <controlfield tag="008">250310b           ||||| |||| 00| 0 eng d</controlfield>
  <datafield tag="020" ind1=" " ind2=" ">
    <subfield code="a">9780241767160</subfield>
  </datafield>
  <datafield tag="040" ind1=" " ind2=" ">
    <subfield code="c">AL</subfield>
  </datafield>
  <datafield tag="041" ind1=" " ind2=" ">
    <subfield code="a">English</subfield>
  </datafield>
  <datafield tag="082" ind1=" " ind2=" ">
    <subfield code="2">23</subfield>
    <subfield code="a">262.13</subfield>
    <subfield code="b">MUSH</subfield>
  </datafield>
  <datafield tag="100" ind1=" " ind2=" ">
    <subfield code="a">Carlo Musso</subfield>
    <subfield code="9">209978</subfield>
  </datafield>
  <datafield tag="245" ind1=" " ind2=" ">
    <subfield code="a">Hope</subfield>
  </datafield>
  <datafield tag="260" ind1=" " ind2=" ">
    <subfield code="a">Leicester,UK</subfield>
    <subfield code="b">VIKING</subfield>
    <subfield code="c">2025</subfield>
  </datafield>
  <datafield tag="300" ind1=" " ind2=" ">
    <subfield code="a">viii,302 p.</subfield>
    <subfield code="b">PB</subfield>
    <subfield code="c">23x15 cm.</subfield>
  </datafield>
  <datafield tag="365" ind1=" " ind2=" ">
    <subfield code="a">7096</subfield>
    <subfield code="b">&#x20B9;879.00</subfield>
    <subfield code="c">&#x20B9;</subfield>
    <subfield code="d">&#x20B9;1099.00</subfield>
    <subfield code="e">20%</subfield>
    <subfield code="f">01-03-2025</subfield>
  </datafield>
  <datafield tag="520" ind1=" " ind2=" ">
    <subfield code="a">Pope Francis originally intended this exceptional book to appear only after his death, but the needs of our times and the 2025 Jubilee Year of Hope have moved him to make this precious legacy available now.
Hope is the first autobiography in history ever to be published by a Pope. Written over six years, this complete autobiography starts in the early years of the twentieth century, with Pope Francis&#x2019;s Italian roots and his ancestors&#x2019; courageous migration to Latin America, continuing through his childhood, the enthusiasms and preoccupations of his youth, his vocation, adult life, and the whole of his papacy up to the present day.

In recounting his memories with intimate narrative force (not forgetting his own personal passions), Pope Francis deals unsparingly with some of the crucial moments of his papacy and writes candidly, fearlessly, and prophetically about some of the most important and controversial questions of our present times: war and peace (including the conflicts in Ukraine and the Middle East), migration, environmental crisis, social policy, the position of women, sexuality, technological developments, the future of the Church and of religion in general.

Hope includes a wealth of revelations, anecdotes, and illuminating thoughts. It is a thrilling and very human memoir, moving and sometimes funny, which represents the &#x201C;story of a life&#x201D; and, at the same time, a touching moral and spiritual testament that will fascinate readers throughout the world and will be Pope Francis&#x2019;s legacy of hope for future generations.

The book is enhanced by remarkable photographs, including private and unpublished material made personally available by Pope Francis himself.</subfield>
  </datafield>
  <datafield tag="650" ind1=" " ind2=" ">
    <subfield code="a">Autobiography of Pope Francis</subfield>
    <subfield code="9">205262</subfield>
  </datafield>
  <datafield tag="650" ind1=" " ind2=" ">
    <subfield code="a">Jorge Mario Bergoglio Pope Francis</subfield>
    <subfield code="9">205268</subfield>
  </datafield>
  <datafield tag="700" ind1=" " ind2=" ">
    <subfield code="a">DIXON (Richard) Tr</subfield>
    <subfield code="9">205263</subfield>
  </datafield>
  <datafield tag="942" ind1=" " ind2=" ">
    <subfield code="2">ddc</subfield>
    <subfield code="c">BK</subfield>
  </datafield>
  <datafield tag="999" ind1=" " ind2=" ">
    <subfield code="c">233916</subfield>
    <subfield code="d">233916</subfield>
  </datafield>
  <datafield tag="952" ind1=" " ind2=" ">
    <subfield code="0">0</subfield>
    <subfield code="1">0</subfield>
    <subfield code="2">ddc</subfield>
    <subfield code="4">0</subfield>
    <subfield code="7">0</subfield>
    <subfield code="8">OTH</subfield>
    <subfield code="a">AL</subfield>
    <subfield code="b">AL</subfield>
    <subfield code="d">2025-03-10</subfield>
    <subfield code="e">Biblios Book Point Surathkal Mangalore 575014</subfield>
    <subfield code="g">879.00</subfield>
    <subfield code="l">1</subfield>
    <subfield code="o">262.13 MUSH</subfield>
    <subfield code="p">077602</subfield>
    <subfield code="r">2025-06-19 11:23:11</subfield>
    <subfield code="s">2025-04-02</subfield>
    <subfield code="v">1099.00</subfield>
    <subfield code="w">2025-03-10</subfield>
    <subfield code="y">BK</subfield>
  </datafield>
</record>
